[Event "37th Reykjavik op"]
[Site "Reykjavik ISL"]
[Date "2024.03.16"]
[Round "3.28"]
[White "Cieslak, Patryk"]
[Black "Cornette, Matthieu"]
[WhiteElo "2325"]
[BlackElo "2575"]
[Result "1-0"]
[EventDate "2024.03.15"]
[PlyCount "135"]

1. e4 { [%eval 0.13] [%clk 1:30:57] } 1... c5 { [%eval 0.33] [%clk 1:30:51] } 2. Nf3 { [%eval 0.22] [%clk 1:31:24] } 2... Nc6 { [%eval 0.31] [%clk 1:31:10] } 3. d4 { [%eval 0.33] [%clk 1:31:43] } 3... cxd4 { [%eval 0.38] [%clk 1:31:01] } 4. Nxd4 { [%eval 0.0] [%clk 1:32:09] } 4... e5 { [%eval 0.36] [%clk 1:30:46] } 5. Nb5 { [%eval 0.17] [%clk 1:32:19] } 5... d6 { [%eval 0.47] [%clk 1:31:11] } 6. c4 { [%eval 0.4] [%clk 1:32:18] } 6... g6 { [%eval 0.6] [%clk 1:30:28] } 7. N1c3 { [%eval 0.49] [%clk 1:29:00] } 7... a6 { [%eval 0.66] [%clk 1:30:32] } 8. Na3 { [%eval 0.35] [%clk 1:29:28] } 8... Be6 { [%eval 0.35] [%clk 1:30:02] } 9. Be3 { [%eval 0.37] [%clk 1:25:11] } 9... Bg7 { [%eval 0.5] [%clk 1:28:08] } 10. Nc2 { [%eval 0.48] [%clk 1:20:23] } 10... Nf6 { [%eval 0.42] [%clk 1:24:47] } 11. Be2 { [%eval 0.45] [%clk 1:17:42] } 11... Rc8 { [%eval 0.44] [%clk 1:24:47] } 12. O-O { [%eval 0.31] [%clk 1:13:49] } 12... O-O { [%eval 0.44] [%clk 1:23:42] } 13. Rc1 { [%eval 0.22] [%clk 1:08:08] } 13... Ne7 { [%eval 0.18] [%clk 1:17:54] } 14. Na3 { [%eval 0.19] [%clk 1:03:21] } 14... Nc6 { [%eval 0.25] [%clk 1:17:40] } 15. Nc2 { [%eval 0.25] [%clk 1:00:47] } 15... Na5?! { [%eval 0.96] } { Inaccuracy. Ne7 was best. } { [%clk 1:12:45] } (15... Ne7 16. Na3 Nc6 17. f3 Nd4 18. Rf2 Nd7 19. Bf1 f5 20. Nc2 fxe4 21. Nxe4 Nc5 22. Bg5) 16. b3 { [%eval 1.0] [%clk 0:57:52] } 16... b5 { [%eval 0.89] [%clk 1:12:29] } 17. Nd5 { [%eval 0.93] [%clk 0:57:28] } 17... Bxd5 { [%eval 0.79] [%clk 1:09:39] } 18. exd5 { [%eval 0.89] [%clk 0:57:51] } 18... bxc4 { [%eval 0.75] [%clk 1:09:08] } 19. b4 { [%eval 0.88] [%clk 0:56:11] } 19... Nb7 { [%eval 0.81] [%clk 1:09:27] } 20. Na3 { [%eval 0.73] [%clk 0:56:08] } 20... a5 { [%eval 0.92] [%clk 1:04:29] } 21. b5 { [%eval 0.72] [%clk 0:44:24] } 21... c3 { [%eval 0.72] [%clk 1:04:47] } 22. Nc4?! { [%eval -0.27] } { Inaccuracy. b6 was best. } { [%clk 0:42:17] } (22. b6 Nd7 23. Ba6 f5 24. Bxb7 Rb8 25. Bc6 f4 26. Bxd7 Qxd7 27. Nc4 fxe3 28. fxe3 e4) 22... Nd7? { [%eval 1.04] } { Mistake. Ng4 was best. } { [%clk 1:04:12] } (22... Ng4) 23. Rxc3 { [%eval 1.12] [%clk 0:36:58] } 23... f5 { [%eval 1.15] [%clk 1:01:45] } 24. Rc1 { [%eval 1.23] [%clk 0:32:15] } 24... f4 { [%eval 1.2] [%clk 0:51:56] } 25. Bd2 { [%eval 1.22] [%clk 0:31:48] } 25... Nf6 { [%eval 1.36] [%clk 0:52:19] } 26. Qe1 { [%eval 1.22] [%clk 0:27:10] } 26... Ra8 { [%eval 1.25] [%clk 0:43:38] } 27. a4 { [%eval 1.12] [%clk 0:25:11] } 27... Ne4 { [%eval 1.19] [%clk 0:42:06] } 28. b6?! { [%eval 0.28] } { Inaccuracy. f3 was best. } { [%clk 0:19:31] } (28. f3 Nec5 29. Qd1 e4 30. fxe4 Bd4+ 31. Kh1 Nxe4 32. Be1 Qf6 33. Nd2 Nxd2 34. Bxd2 Nc5) 28... Nec5 { [%eval 0.57] [%clk 0:34:30] } 29. Nxa5?! { [%eval -0.37] } { Inaccuracy. Bg4 was best. } { [%clk 0:17:47] } (29. Bg4 Nd3) 29... Qxb6 { [%eval 0.01] [%clk 0:30:18] } 30. Nxb7 { [%eval 0.0] [%clk 0:15:49] } 30... Qxb7 { [%eval 0.14] [%clk 0:29:22] } 31. Bb5 { [%eval 0.14] [%clk 0:16:10] } 31... f3 { [%eval 0.29] [%clk 0:21:42] } 32. gxf3 { [%eval 0.25] [%clk 0:12:41] } 32... Qc8 { [%eval 0.69] [%clk 0:22:03] } 33. Qe3 { [%eval 0.15] [%clk 0:11:49] } 33... Rf4?! { [%eval 0.7] } { Inaccuracy. Qh3 was best. } { [%clk 0:21:18] } (33... Qh3 34. Rxc5 dxc5 35. Qe4 Qxf3 36. Qxf3 Rxf3 37. d6 Ra3 38. Bg5 h6 39. Be7 Kf7 40. Bc4+) 34. Qe2 { [%eval 0.25] [%clk 0:09:07] } 34... Rh4 { [%eval 0.12] [%clk 0:20:11] } 35. Rc4 { [%eval 0.11] [%clk 0:07:57] } 35... Qh3 { [%eval 0.42] [%clk 0:12:25] } 36. Rxh4 { [%eval 0.37] [%clk 0:08:13] } 36... Qxh4 { [%eval 0.33] [%clk 0:12:53] } 37. Qe3 { [%eval 0.46] [%clk 0:04:26] } 37... e4 { [%eval 0.53] [%clk 0:08:43] } 38. Qg5 { [%eval 0.28] [%clk 0:02:31] } 38... Qxg5+ { [%eval 0.06] [%clk 0:08:10] } 39. Bxg5 { [%eval 0.12] [%clk 0:02:59] } 39... exf3 { [%eval 0.27] [%clk 0:07:53] } 40. Bf4 { [%eval 0.01] [%clk 0:01:45] } 40... Nxa4 { [%eval 0.07] [%clk 0:04:17] } 41. Bc6 { [%eval 0.0] [%clk 0:29:06] } 41... Ra6 { [%eval -0.02] [%clk 0:34:30] } 42. Bxd6 { [%eval 0.0] [%clk 0:28:01] } 42... Nc3 { [%eval 0.0] [%clk 0:34:56] } 43. Bc7 { [%eval -0.01] [%clk 0:22:01] } 43... Ne2+ { [%eval 0.0] [%clk 0:28:00] } 44. Kh1 { [%eval 0.0] [%clk 0:22:01] } 44... Nd4 { [%eval 0.01] [%clk 0:28:26] } 45. Bd7 { [%eval 0.02] [%clk 0:17:30] } 45... Ra7 { [%eval 0.07] [%clk 0:21:10] } 46. d6 { [%eval 0.0] [%clk 0:17:44] } 46... Be5 { [%eval 0.0] [%clk 0:21:24] } 47. Bc8 { [%eval 0.0] [%clk 0:16:41] } 47... Ra4 { [%eval 0.0] [%clk 0:19:33] } 48. Rd1 { [%eval 0.0] [%clk 0:12:55] } 48... Nb5 { [%eval 0.08] [%clk 0:10:08] } 49. Bd7 { [%eval 0.05] [%clk 0:11:19] } 49... Rb4?? { [%eval 2.5] } { Blunder. Rd4 was best. } { [%clk 0:07:02] } (49... Rd4) 50. Ba5 { [%eval 2.78] [%clk 0:09:41] } 50... Rd4 { [%eval 2.81] [%clk 0:07:06] } 51. Re1 { [%eval 2.75] [%clk 0:07:58] } 51... Bxd6 { [%eval 3.11] [%clk 0:04:58] } 52. Bxb5 { [%eval 3.09] [%clk 0:07:56] } 52... Rh4 { [%eval 3.0] [%clk 0:05:26] } 53. Bc6?! { [%eval 2.05] } { Inaccuracy. Re8+ was best. } { [%clk 0:06:07] } (53. Re8+ Kg7 54. Bc3+ Kf7 55. Re3 Bxh2 56. Rxf3+ Bf4+ 57. Kg2 g5 58. Bd2 Rh2+ 59. Kf1 Rh1+) 53... Rxh2+ { [%eval 2.07] [%clk 0:05:00] } 54. Kg1 { [%eval 2.05] [%clk 0:06:36] } 54... Rg2+ { [%eval 2.06] [%clk 0:05:21] } 55. Kf1 { [%eval 2.28] [%clk 0:06:20] } 55... Bc5 { [%eval 2.32] [%clk 0:05:48] } 56. Re2 { [%eval 2.09] [%clk 0:04:24] } 56... fxe2+ { [%eval 1.89] [%clk 0:02:52] } 57. Kxg2 { [%eval 1.98] [%clk 0:04:51] } 57... Bd4 { [%eval 1.98] [%clk 0:01:42] } 58. Bf3 { [%eval 2.03] [%clk 0:05:05] } 58... Kg7 { [%eval 2.07] [%clk 0:02:10] } 59. Bxe2 { [%eval 1.94] [%clk 0:05:29] } 59... Kf6 { [%eval 1.94] [%clk 0:02:35] } 60. Bd8+ { [%eval 1.95] [%clk 0:05:13] } 60... Kg7 { [%eval 2.03] [%clk 0:02:35] } 61. Kg3 { [%eval 2.47] [%clk 0:05:36] } 61... Be5+ { [%eval 2.44] [%clk 0:02:44] } 62. Kf3 { [%eval 2.42] [%clk 0:05:42] } 62... Bd4 { [%eval 2.34] [%clk 0:03:04] } 63. Bg5 { [%eval 2.01] [%clk 0:05:31] } 63... h5?! { [%eval 2.86] } { Inaccuracy. Be5 was best. } { [%clk 0:01:57] } (63... Be5 64. Be3 Bd6 65. Bd4+ Kf8 66. Kg4 Be7 67. Kf4 Bh4 68. Ke5 Be7 69. Bc4 Bb4 70. Ke6) 64. Be3 { [%eval 2.81] [%clk 0:05:32] } 64... Bf6 { [%eval 2.74] [%clk 0:02:13] } 65. Ke4 { [%eval 2.92] [%clk 0:05:56] } 65... Kh7 { [%eval 3.69] [%clk 0:01:13] } 66. Kd5 { [%eval 3.5] [%clk 0:06:18] } 66... Be7?? { [%eval 8.48] } { Blunder. Bh4 was best. } { [%clk 0:00:35] } (66... Bh4 67. Ke6 Kg7 68. Bd4+ Kf8 69. f3 Bg3 70. Kf6 g5 71. Kxg5 Kf7 72. Bc4+ Kf8 73. Be3) 67. Ke6 { [%eval 6.52] [%clk 0:06:33] } 67... Bb4 { [%eval 8.48] [%clk 0:00:41] } 68. Kf7 { [%eval 8.85] [%clk 0:06:49] } 1-0

[Event "37th Reykjavik op"]
[Site "Reykjavik ISL"]
[Date "2024.03.16"]
[Round "3.29"]
[White "Pultinevicius, Paulius"]
[Black "Mendes, Aaron Reeve"]
[WhiteElo "2575"]
[BlackElo "2309"]
[Result "1-0"]
[EventDate "2024.03.15"]
[PlyCount "73"]

1. Nf3 { [%eval 0.2] [%clk 1:30:56] } 1... d5 { [%eval 0.2] [%clk 1:30:50] } 2. g3 { [%eval 0.19] [%clk 1:31:20] } 2... Nd7 { [%eval 0.4] [%clk 1:30:55] } 3. Bg2 { [%eval 0.26] [%clk 1:31:31] } 3... e5 { [%eval 0.17] [%clk 1:30:49] } 4. d3 { [%eval 0.05] [%clk 1:31:34] } 4... Ngf6 { [%eval 0.08] [%clk 1:30:19] } 5. O-O { [%eval 0.0] [%clk 1:31:55] } 5... Bd6 { [%eval 0.16] [%clk 1:30:27] } 6. Nc3 { [%eval -0.06] [%clk 1:25:33] } 6... c6 { [%eval 0.0] [%clk 1:29:08] } 7. e4 { [%eval 0.0] [%clk 1:25:51] } 7... d4 { [%eval 0.0] [%clk 1:29:09] } 8. Ne2 { [%eval 0.01] [%clk 1:26:12] } 8... O-O { [%eval 0.09] [%clk 1:29:29] } 9. Ne1 { [%eval -0.35] [%clk 1:23:10] } 9... c5 { [%eval 0.0] [%clk 1:26:44] } 10. h3 { [%eval -0.38] [%clk 1:22:07] } 10... Qc7?! { [%eval 0.41] } { Inaccuracy. b5 was best. } { [%clk 1:26:17] } (10... b5 11. f4) 11. f4 { [%eval 0.33] [%clk 1:21:27] } 11... b6 { [%eval 0.49] [%clk 1:25:24] } 12. f5 { [%eval 0.09] [%clk 1:12:12] } 12... Ne8 { [%eval 0.57] [%clk 1:21:10] } 13. g4 { [%eval 0.6] [%clk 1:10:25] } 13... f6?! { [%eval 1.31] } { Inaccuracy. a5 was best. } { [%clk 1:20:23] } (13... a5) 14. h4 { [%eval 1.26] [%clk 1:07:15] } 14... Be7 { [%eval 1.67] [%clk 1:13:50] } 15. g5 { [%eval 1.78] [%clk 1:03:51] } 15... fxg5 { [%eval 1.74] [%clk 1:11:07] } 16. hxg5 { [%eval 1.69] [%clk 1:04:12] } 16... Qd8 { [%eval 1.82] [%clk 1:11:24] } 17. Nf3 { [%eval 1.61] [%clk 1:03:00] } 17... Ba6?! { [%eval 2.38] } { Inaccuracy. c4 was best. } { [%clk 1:06:48] } (17... c4 18. Rf2) 18. Rf2 { [%eval 2.19] [%clk 1:01:33] } 18... Nd6 { [%eval 2.32] [%clk 1:03:26] } 19. Bf1 { [%eval 1.95] [%clk 0:59:32] } 19... Qe8 { [%eval 2.54] [%clk 0:59:26] } 20. Ng3 { [%eval 2.6] [%clk 0:59:05] } 20... Rc8 { [%eval 2.59] [%clk 0:58:32] } 21. b3 { [%eval 2.5] [%clk 0:56:10] } 21... Bd8 { [%eval 3.08] [%clk 0:53:36] } 22. Nh4 { [%eval 3.13] [%clk 0:54:22] } 22... b5 { [%eval 3.07] [%clk 0:50:26] } 23. a4 { [%eval 3.16] [%clk 0:53:49] } 23... Bb7 { [%eval 3.59] [%clk 0:47:17] } 24. Be2 { [%eval 3.11] [%clk 0:52:15] } 24... Bb6 { [%eval 3.82] [%clk 0:42:46] } 25. axb5 { [%eval 3.46] [%clk 0:51:43] } 25... Nxb5?! { [%eval 4.54] } { Inaccuracy. c4 was best. } { [%clk 0:43:06] } (25... c4 26. bxc4 Nc5 27. Bh5 Ncxe4 28. Nxe4 Nxe4 29. Bxe8 Nxf2 30. Kxf2 Rcxe8 31. Kg3 Rf7 32. Qg4) 26. Bh5 { [%eval 4.66] [%clk 0:52:05] } 26... Qd8 { [%eval 4.64] [%clk 0:39:45] } 27. Qg4 { [%eval 4.46] [%clk 0:52:24] } 27... Rc6 { [%eval 4.99] [%clk 0:33:19] } 28. f6 { [%eval 4.95] [%clk 0:52:19] } 28... Nd6 { [%eval 4.95] [%clk 0:28:27] } 29. Ngf5 { [%eval 4.88] [%clk 0:47:31] } 29... Nxf5 { [%eval 4.78] [%clk 0:24:09] } 30. Nxf5 { [%eval 4.85] [%clk 0:47:56] } 30... g6 { [%eval 5.69] [%clk 0:21:58] } 31. Bxg6 { [%eval 5.73] [%clk 0:48:03] } 31... hxg6 { [%eval 5.21] [%clk 0:22:13] } 32. Nh6+ { [%eval 6.01] [%clk 0:48:29] } 32... Kh7 { [%eval 5.99] [%clk 0:22:23] } 33. Qh4 { [%eval 5.81] [%clk 0:48:55] } 33... Qc7?? { [%eval #4] } { Checkmate is now unavoidable. Rcxf6 was best. } { [%clk 0:21:29] } (33... Rcxf6 34. gxf6 Nxf6 35. Nf7+ Nh5 36. Nxd8 Bxd8 37. Qh3 Rg8 38. Rf7+ Kh8 39. Rxa7 Be7 40. Rxb7) 34. Nf7+ { [%eval #3] [%clk 0:49:17] } 34... Kg8 { [%clk 0:21:36] } 35. Qh8+ { [%clk 0:49:41] } 35... Kxf7 { [%clk 0:21:56] } 36. Qh7+ { [%clk 0:50:07] } 36... Ke6 { [%clk 0:22:17] } 37. Qe7# { [%clk 0:50:31] } 1-0

[Event "37th Reykjavik op"]
[Site "Reykjavik ISL"]
[Date "2024.03.16"]
[Round "3.30"]
[White "Galperin, Platon"]
[Black "Papadiamandis, Elliot"]
[WhiteElo "2555"]
[BlackElo "2302"]
[Result "1/2-1/2"]
[EventDate "2024.03.15"]
[PlyCount "73"]

1. e4 { [%eval 0.13] [%clk 1:30:46] } 1... c5 { [%eval 0.33] [%clk 1:30:30] } 2. c3 { [%eval 0.04] [%clk 1:31:03] } 2... Nf6 { [%eval 0.15] [%clk 1:28:13] } 3. e5 { [%eval 0.0] [%clk 1:31:24] } 3... Nd5 { [%eval 0.11] [%clk 1:28:38] } 4. Nf3 { [%eval 0.0] [%clk 1:31:41] } 4... e6 { [%eval 0.09] [%clk 1:24:10] } 5. a3 { [%eval 0.01] [%clk 1:30:40] } 5... d6 { [%eval 0.04] [%clk 1:22:16] } 6. d4 { [%eval 0.01] [%clk 1:31:04] } 6... Nc6 { [%eval 0.3] [%clk 1:17:48] } 7. c4 { [%eval 0.15] [%clk 1:30:19] } 7... Nc7 { [%eval 0.5] [%clk 1:17:42] } 8. dxc5 { [%eval 0.28] [%clk 1:22:48] } 8... dxe5 { [%eval 0.33] [%clk 0:57:02] } 9. Qxd8+ { [%eval 0.41] [%clk 1:23:11] } 9... Nxd8 { [%eval 0.41] [%clk 0:56:53] } 10. Be3 { [%eval 0.39] [%clk 1:23:04] } 10... f6?! { [%eval 1.16] } { Inaccuracy. e4 was best. } { [%clk 0:42:23] } (10... e4 11. Nfd2 f5 12. f3 exf3 13. Nxf3 Be7 14. Nc3 Bf6 15. Bd4 a5 16. Bd3 Na6 17. Na4) 11. Nc3 { [%eval 1.16] [%clk 1:22:44] } 11... Bd7 { [%eval 1.26] [%clk 0:40:00] } 12. b4 { [%eval 1.38] [%clk 1:15:37] } 12... Nf7 { [%eval 1.53] [%clk 0:39:12] } 13. Be2 { [%eval 1.29] [%clk 1:14:14] } 13... Be7 { [%eval 1.63] [%clk 0:36:28] } 14. Nd2 { [%eval 1.76] [%clk 1:05:12] } 14... f5 { [%eval 1.73] [%clk 0:33:26] } 15. Nb3 { [%eval 1.85] [%clk 1:05:19] } 15... O-O { [%eval 2.25] [%clk 0:27:15] } 16. O-O-O { [%eval 2.18] [%clk 0:59:29] } 16... Rfd8 { [%eval 2.15] [%clk 0:27:16] } 17. Na5 { [%eval 2.18] [%clk 0:57:57] } 17... Rab8?! { [%eval 3.0] } { Inaccuracy. Bc6 was best. } { [%clk 0:27:00] } (17... Bc6 18. f3 Rdb8 19. Nxc6 bxc6 20. Rd7 Bd8 21. Kc2 Ne8 22. Rdd1 h6 23. g4 g5) 18. c6?! { [%eval 1.89] } { Inaccuracy. Nxb7 was best. } { [%clk 0:57:34] } (18. Nxb7 Rxb7 19. Rxd7 Rxd7 20. c6 Na6 21. cxd7 Nb8 22. c5 Nd8 23. Rd1 a5 24. Bb5 f4) 18... Bxc6 { [%eval 1.99] [%clk 0:23:18] } 19. Bxa7 { [%eval 1.97] [%clk 0:52:22] } 19... Rbc8 { [%eval 2.51] [%clk 0:21:48] } 20. Nxc6 { [%eval 2.06] [%clk 0:39:07] } 20... bxc6 { [%eval 2.12] [%clk 0:21:52] } 21. Bb6 { [%eval 1.67] [%clk 0:38:45] } 21... e4?! { [%eval 2.47] } { Inaccuracy. c5 was best. } { [%clk 0:17:36] } (21... c5 22. Rxd8+ Nxd8 23. b5 Na8 24. Ba7 e4 25. a4 Rc7 26. Bb8 Rc8 27. Be5 Nb7 28. g4) 22. Kb2 { [%eval 2.32] [%clk 0:34:28] } 22... Kf8 { [%eval 2.37] [%clk 0:11:54] } 23. Kb3 { [%eval 2.52] [%clk 0:34:13] } 23... Ne5 { [%eval 2.67] [%clk 0:11:41] } 24. Rxd8+ { [%eval 2.71] [%clk 0:32:48] } 24... Bxd8 { [%eval 2.59] [%clk 0:12:09] } 25. Rd1 { [%eval 2.65] [%clk 0:33:07] } 25... Ke8 { [%eval 2.85] [%clk 0:12:03] } 26. a4 { [%eval 2.82] [%clk 0:28:36] } 26... Nd7 { [%eval 2.95] [%clk 0:09:38] } 27. a5 { [%eval 2.61] [%clk 0:27:49] } 27... Rb8 { [%eval 3.04] [%clk 0:08:07] } 28. Na4 { [%eval 3.06] [%clk 0:25:48] } 28... c5 { [%eval 3.68] [%clk 0:02:08] } 29. b5 { [%eval 3.5] [%clk 0:23:33] } 29... Nxb6 { [%eval 3.64] [%clk 0:02:36] } 30. axb6 { [%eval 2.91] [%clk 0:17:46] } 30... Na8 { [%eval 2.85] [%clk 0:03:05] } 31. Nxc5 { [%eval 2.84] [%clk 0:18:01] } 31... Bxb6 { [%eval 2.92] [%clk 0:02:38] } 32. Nxe6 { [%eval 2.81] [%clk 0:18:22] } 32... Kf7 { [%eval 2.76] [%clk 0:02:46] } 33. Rd6 { [%eval 2.46] [%clk 0:13:43] } 33... Bxf2 { [%eval 3.08] [%clk 0:02:11] } 34. c5 { [%eval 3.13] [%clk 0:13:08] } 34... Ke7 { [%eval 3.03] [%clk 0:01:55] } 35. Ra6?! { [%eval 2.26] } { Inaccuracy. Kb4 was best. } { [%clk 0:13:04] } (35. Kb4 Rc8 36. Nd4 g6 37. Nc6+ Kf7 38. g3 g5 39. Bc4+ Kg7) 35... g6 { [%eval 2.83] [%clk 0:02:14] } 36. Kc4?? { [%eval 0.0] } { Blunder. Kb4 was best. } { [%clk 0:11:00] } (36. Kb4) 36... Nb6+ { [%eval 0.0] [%clk 0:02:35] } 37. Rxb6 { [%eval 0.0] [%clk 0:06:21] } 1/2-1/2

[Event "37th Reykjavik op"]
[Site "Reykjavik ISL"]
[Date "2024.03.16"]
[Round "3.31"]
[White "Sigurbjorn, Bjornsson"]
[Black "Can, Emre"]
[WhiteElo "2305"]
[BlackElo "2551"]
[Result "0-1"]
[EventDate "2024.03.15"]
[PlyCount "82"]

1. e4 { [%eval 0.13] [%clk 1:25:53] } 1... c5 { [%eval 0.33] [%clk 1:28:54] } 2. Nf3 { [%eval 0.22] [%clk 1:23:41] } 2... Nc6 { [%eval 0.31] [%clk 1:29:04] } 3. d4 { [%eval 0.33] [%clk 1:23:56] } 3... cxd4 { [%eval 0.38] [%clk 1:29:26] } 4. Nxd4 { [%eval 0.0] [%clk 1:24:23] } 4... g6 { [%eval 0.49] [%clk 1:29:46] } 5. Nc3 { [%eval 0.27] [%clk 1:24:42] } 5... Bg7 { [%eval 0.32] [%clk 1:30:04] } 6. Be3 { [%eval 0.0] [%clk 1:25:07] } 6... Nf6 { [%eval 0.22] [%clk 1:30:24] } 7. Bc4 { [%eval 0.42] [%clk 1:25:24] } 7... O-O { [%eval 0.22] [%clk 1:30:31] } 8. Bb3 { [%eval 0.41] [%clk 1:25:37] } 8... d6 { [%eval 0.4] [%clk 1:30:32] } 9. f3 { [%eval 0.41] [%clk 1:25:48] } 9... Qa5 { [%eval 0.4] [%clk 1:30:39] } 10. Qd2 { [%eval 0.36] [%clk 1:25:04] } 10... Nxd4 { [%eval 0.39] [%clk 1:30:37] } 11. Bxd4 { [%eval 0.34] [%clk 1:25:15] } 11... Be6 { [%eval 0.42] [%clk 1:30:58] } 12. Bxe6 { [%eval 0.07] [%clk 1:13:35] } 12... fxe6 { [%eval 0.11] [%clk 1:31:14] } 13. h4 { [%eval -0.39] [%clk 1:14:01] } 13... Rac8 { [%eval -0.03] [%clk 1:26:27] } 14. h5?! { [%eval -0.7] } { Inaccuracy. O-O-O was best. } { [%clk 1:09:31] } (14. O-O-O) 14... e5 { [%eval -0.43] [%clk 1:16:36] } 15. h6? { [%eval -1.7] } { Mistake. Be3 was best. } { [%clk 1:06:01] } (15. Be3 Nxh5) 15... Bxh6 { [%eval -1.9] [%clk 1:14:54] } 16. Rxh6 { [%eval -1.98] [%clk 1:05:09] } 16... exd4 { [%eval -1.78] [%clk 1:15:15] } 17. Qxd4 { [%eval -2.22] [%clk 1:03:10] } 17... Qg5 { [%eval -2.33] [%clk 1:14:16] } 18. Rh1 { [%eval -2.18] [%clk 0:54:06] } 18... Qxg2 { [%eval -2.23] [%clk 1:13:45] } 19. O-O-O { [%eval -2.24] [%clk 0:54:23] } 19... Qxf3 { [%eval -2.29] [%clk 1:13:57] } 20. Rdf1 { [%eval -2.59] [%clk 0:41:33] } 20... Qg4 { [%eval -2.11] [%clk 1:04:42] } 21. Rhg1 { [%eval -2.12] [%clk 0:21:14] } 21... Qd7 { [%eval -2.22] [%clk 0:49:03] } 22. Qxa7 { [%eval -2.23] [%clk 0:20:49] } 22... Rc5 { [%eval -2.09] [%clk 0:48:00] } 23. Qb6 { [%eval -2.31] [%clk 0:18:29] } 23... Re5 { [%eval -1.98] [%clk 0:43:04] } 24. Qe3 { [%eval -2.35] [%clk 0:16:04] } 24... Rf7 { [%eval -2.1] [%clk 0:42:01] } 25. Qf4 { [%eval -2.74] [%clk 0:09:51] } 25... Qe6 { [%eval -2.62] [%clk 0:42:08] } 26. Qh4 { [%eval -2.78] [%clk 0:09:38] } 26... Kg7 { [%eval -2.71] [%clk 0:37:10] } 27. Re1 { [%eval -2.86] [%clk 0:09:23] } 27... Rh5 { [%eval -2.44] [%clk 0:36:15] } 28. Qf2 { [%eval -2.47] [%clk 0:08:40] } 28... Qe5 { [%eval -2.14] [%clk 0:35:22] } 29. Qb6 { [%eval -2.11] [%clk 0:08:41] } 29... e6 { [%eval -2.08] [%clk 0:34:48] } 30. Rd1 { [%eval -2.62] [%clk 0:07:17] } 30... Nxe4 { [%eval -2.6] [%clk 0:32:07] } 31. Nxe4 { [%eval -2.6] [%clk 0:06:32] } 31... Qxe4 { [%eval -2.65] [%clk 0:31:50] } 32. Rxd6 { [%eval -2.48] [%clk 0:05:50] } 32... Rh2 { [%eval -2.65] [%clk 0:27:36] } 33. Qc5?! { [%eval -4.02] } { Inaccuracy. Qd4+ was best. } { [%clk 0:04:42] } (33. Qd4+ Qxd4 34. Rxd4 Rhf2 35. b4 e5 36. Rd2 R2f4 37. c3 Rf3 38. Kb2 e4 39. Re2 Rf2) 33... Rxc2+ { [%eval -3.81] [%clk 0:26:40] } 34. Qxc2 { [%eval -3.86] [%clk 0:04:21] } 34... Qe3+ { [%eval -3.94] [%clk 0:27:05] } 35. Kb1 { [%eval -3.76] [%clk 0:04:02] } 35... Qxg1+ { [%eval -3.96] [%clk 0:27:28] } 36. Rd1 { [%eval -3.91] [%clk 0:04:22] } 36... Qg5 { [%eval -3.95] [%clk 0:27:16] } 37. Qb3 { [%eval -3.91] [%clk 0:04:24] } 37... h5 { [%eval -4.02] [%clk 0:26:48] } 38. a3 { [%eval -4.05] [%clk 0:03:06] } 38... h4 { [%eval -3.51] [%clk 0:26:10] } 39. Qc3+ { [%eval -3.92] [%clk 0:03:10] } 39... Qf6 { [%eval -3.9] [%clk 0:26:22] } 40. Qc8 { [%eval -3.96] [%clk 0:03:23] } 40... e5 { [%eval -3.86] [%clk 0:25:02] } 41. Ka1 { [%eval -4.3] [%clk 0:03:20] } 41... e4 { [%eval -4.53] [%clk 0:22:52] } 0-1